| 000 | 00525nam a2200181Ia 4500 | ||
|---|---|---|---|
| 003 | GCL | ||
| 008 | 140319s9999 xx 000 0 ara d | ||
| 040 |
_aGCL / _cGCL |
||
| 082 | 0 | 4 |
_aد _b050 |
| 100 | 1 | _aعلاءالدين وحيد | |
| 245 | 1 | 0 |
_aوجوه قصصية قديمة وجديدة ( اقرا 439 ) / _cعلاءالدين وحيد |
| 300 | _a205 ص | ||
| 490 |
_aوثائق ونصوص _v0 |
||
| 650 | 0 | 4 | _aالادباء |
| 650 | 0 | 4 | _aالقصصيون العرب |
| 650 | 0 | 4 | _aالقصصيون |
| 942 |
_2ddc _cCF |
||
| 999 |
_c27392 _d27392 |
||